Formación y educación : (Registro nro. 42242)
[ vista simple ]
| 000 -LEADER | |
|---|---|
| fixed length control field | 00725nam a2200193 a 4500 |
| 005 - DATE AND TIME OF LATEST TRANSACTION | |
| control field | 20250429224206.0 |
| 008 - FIXED-LENGTH DATA ELEMENTS--GENERAL INFORMATION | |
| fixed length control field | 220406s2004 000 0 eng d |
| 020 ## - INTERNATIONAL STANDARD BOOK NUMBER | |
| International Standard Book Number | 9589752403 |
| 040 ## - CATALOGING SOURCE | |
| Original cataloging agency | CO-CtgCURN |
| Language of cataloging | spa |
| Transcribing agency | coctgcurn |
| 082 04 - DEWEY DECIMAL CLASSIFICATION NUMBER | |
| Classification number | 378.01 |
| Item number | D277 |
| 100 1# - MAIN ENTRY--PERSONAL NAME | |
| Personal name | Díaz Osorio, José Jaime. |
| 245 10 - TITLE STATEMENT | |
| Title | Formación y educación : |
| Remainder of title | en el contexto de la Fundación Universitaria Luis Amigó / |
| Statement of responsibility, etc. | José Jaime Díaz Osorio. |
| 260 ## - PUBLICATION, DISTRIBUTION, ETC. | |
| Place of publication, distribution, etc. | Medellín : |
| Name of publisher, distributor, etc. | Fundación universitaria Luis Amigó, |
| Date of publication, distribution, etc. | 2004. |
| 300 ## - PHYSICAL DESCRIPTION | |
| Extent | 306 páginas ; |
| Dimensions | 20 cms. |
| 650 #0 - SUBJECT ADDED ENTRY--TOPICAL TERM | |
| Topical term or geographic name entry element | Educación profesional. |
| 650 #0 - SUBJECT ADDED ENTRY--TOPICAL TERM | |
| Topical term or geographic name entry element | Educación superior. |
| 942 ## - ADDED ENTRY ELEMENTS (KOHA) | |
| Source of classification or shelving scheme | Dewey Decimal Classification |
| Institution code [OBSOLETE] | MHC |
| -- | MHC |
| Koha item type | Libros |
| Classification part | 378.01 |
| Item part | D277 |
| Withdrawn status | Lost status | Source of classification or shelving scheme | Damaged status | Not for loan | Collection | Home library | Current library | Shelving location | Date acquired | Inventory number | Total checkouts | Full call number | Barcode | Date last seen | Copy number | Price effective from | Koha item type | Public note |
|---|---|---|---|---|---|---|---|---|---|---|---|---|---|---|---|---|---|---|
| Dewey Decimal Classification | General | Miguel Henríquez Castañeda | Miguel Henríquez Castañeda | General | 04/29/2025 | 024261 | 378.01 D277 | 024261 | 04/29/2025 | ej.1 | 04/29/2025 | Libros | 370-EDUCAC |